| 000 | 00596nam a22001937a 4500 | ||
|---|---|---|---|
| 999 |
_c1361 _d1361 |
||
| 001 | 17293 | ||
| 003 | BD-DhUAP | ||
| 005 | 20200206100752.0 | ||
| 008 | 200206s2011 bg l 001 0 eng | ||
| 040 |
_aDLC _cDLC _dBD-DhUAP _bEng |
||
| 082 | 0 | 0 |
_223 _a344.549201 DHA |
| 100 | 1 | _aDhara, Nirmalendu. | |
| 245 | 1 | 0 |
_aLabour and industrial laws of Bangladesh : _bwith hints on questions and answers / _cNirmalendu Dhar. |
| 250 | _a2nd ed. | ||
| 260 |
_aDhaka : _bReMiSi Publishers : _c2011. |
||
| 300 |
_a255 pages ; _c25 cm. |
||
| 650 | 0 |
_aLabor laws and legislation _zBangladesh. |
|
| 942 |
_2ddc _cBK |
||